Java and XML (Record no. 4305)

000 -LEADER
fixed length control field 00521 a2200181 4500
020 ## - INTERNATIONAL STANDARD BOOK NUMBER
International Standard Book Number 0596000162
040 ## - CATALOGING SOURCE
Original cataloging agency DLC
Language of cataloging DLC
082 00 - DEWEY DECIMAL CLASSIFICATION NUMBER
Classification number 005.72
100 1# - MAIN ENTRY--PERSONAL NAME
Personal name McLaughlin, Brett.
245 10 - TITLE STATEMENT
Title Java and XML
Statement of responsibility, etc. Brett McLaughlin.
260 ## - PUBLICATION, DISTRIBUTION, ETC.
Place of publication, distribution, etc. Cambridge, Mass. :
Name of publisher, distributor, etc. O'Reilly,
Date of publication, distribution, etc. 2000.
300 ## - PHYSICAL DESCRIPTION
Extent xvi, 479 p. :
Other physical details ill. ;
Dimensions 23 cm.
490 1# - SERIES STATEMENT
Series statement Java series
650 #0 - SUBJECT ADDED ENTRY--TOPICAL TERM
Topical term or geographic name entry element Java (Computer program language)
650 #0 - SUBJECT ADDED ENTRY--TOPICAL TERM
Topical term or geographic name entry element XML (Document markup language)
830 #0 - SERIES ADDED ENTRY--UNIFORM TITLE
Uniform title Java series (O'Reilly & Associates)
942 ## - ADDED ENTRY ELEMENTS (KOHA)
Koha item type Book
Call number prefix 005.72 MCL
Source of classification or shelving scheme
Holdings
Withdrawn status Lost status Damaged status Not for loan Collection code Permanent Location Current Location Shelving location Date acquired Total Checkouts Full call number Barcode Date last seen Date last checked out Price effective from Koha item type Source of acquisition Cost, normal purchase price
          Central Library (CL) Central Library (CL) First Floor - Operating System/ Data Structure 06/12/2001 1 005.72 MCL SEECS000919 05/18/2016 03/30/2016 01/05/2017 Book    
          Central Library (CL) Central Library (CL) First Floor - Operating System/ Data Structure 02/11/2009   005.72 MCL SEECS009317 11/14/2012   01/05/2017 Book Donation 0.00
© 2023 Central Library, National University of Sciences and Technology. All Rights Reserved.